| 000 | 00379nam a22001337a 4500 | ||
|---|---|---|---|
| 082 |
_a823 _bGAN/H |
||
| 100 | _aGANERI, ANITA | ||
| 245 | _aHORRIBLE GEOGRAPHY: DESPERATE DESERTS | ||
| 246 |
_aHORRIBLE GEOGRAPHY: DESPERATE DESERTS _bHORRIBLE GEOGRAPHY: DESPERATE DESERTS |
||
| 260 |
_aLONDON _bSCHOLASTIC _c2000 |
||
| 300 | _a160 | ||
| 650 | _aSTORY OF HORRIBLE HISTORY | ||
| 942 | _cBK | ||
| 999 |
_c8597 _d8597 |
||